000 01326nam0a22002531 4500
001 rc\4787568
005 20260408003419.0
021 _aRU
_b[67-72361]
035 _a(NLR Aleph) 009033431
090 _a9504227
_c9504227
100 _a20130417d1967 |||y0rusy50 ca
101 0 _arus
102 _aRU
105 _ay z |||||
200 1 _aОбщие основы программы исследований по биологическим методам борьбы
_fАН СССР. Советский нац. ком. по Междунар. биол. программе. Науч. совет по проблеме "Биол. основы освоения, реконструкции и охраны животного мира"
210 _aЛенинград
_cНаука. Ленингр. отд-ние
_d1967
215 _a31 с.
_d21
606 _aСельскохозяйственные культуры
_xБолезни и вредители
_xБиологический метод борьбы
_2psbo
712 0 2 _aСоветский национальный комитет по Международной биологической программе
_cМосква
_3RU\NLR\AUTH\8810167934
_9831692
801 0 _aRU
_bNLR
_gpsbo
801 1 _aRU
_bELAR
_2rusmarc
852 _aNLR
_j67-6/11384
942 _cBOOK
980 _aNB